000 00621nam a2200205Ia 4500
003 GCL
008 140319s9999 xx 000 0 ara d
040 _aGCL /
_cGCL
082 0 4 _a956.9
_bا ح
100 1 _aاكرم زعيتر
245 1 0 _aالحركة الوطنية الفلسطينية( 1939-1935) /
_cاكرم زعيتر
260 _a[S.N] :
_bمؤسسة الدراسات الفلسطينية ،
_c1980
300 _a660 ص
490 _a
650 0 4 _aتاريخ
650 0 4 _aالاحوال السياسية
650 0 4 _aفلسطين
650 0 4 _aالقضية الفلسطينية
942 _2ddc
_cBK
999 _c28169
_d28169